Audels new electric library Vol .VI , VII, IX, and X / (Record no. 190543)

000 -LEADER
fixed length control field 01463 a2200169 4500
003 - CONTROL NUMBER IDENTIFIER
control field NUST
005 - DATE AND TIME OF LATEST TRANSACTION
control field 20230719105024.0
040 ## - CATALOGING SOURCE
Transcribing agency Nust
082 ## - DEWEY DECIMAL CLASSIFICATION NUMBER
Classification number 621,GRA
100 ## - MAIN ENTRY--PERSONAL NAME
Personal name Graham, Frankd .
9 (RLIN) 113721
245 ## - TITLE STATEMENT
Title Audels new electric library Vol .VI , VII, IX, and X /
Statement of responsibility, etc. Frankd Graham
260 ## - PUBLICATION, DISTRIBUTION, ETC.
Place of publication, distribution, etc. Bombay i
Name of publisher, distributor, etc. D.B.Taraporevala sons & co
Date of publication, distribution, etc. 1968
300 ## - PHYSICAL DESCRIPTION
Extent 626 p.
505 ## - FORMATTED CONTENTS NOTE
Formatted contents note • Radio principles (Pages 4441 to 4453) • A power supply units (Pages 4455 to 4472) • Vacuum tubes (Pages 4473 to4494) • Radio receivers (Pages 4495 to 4512) • Radio circuit diagrams (Pages 4513 to 4530) • Control systems (Pages4560 to 4576) • Loud speakers (Pages 4638 to 4688) • to 184 radio testing (Pages 4712 to 4718) • The telephone (Pages 4764 to 4804) • Inter-communicating telephone s (Pages 4805 to 4824) • Telephone troubles (Pages 4825 to 4838) • The dial telephone (Pages 4839 to 4860) • The telegraph (Pages 4861 to 4874) • Optics (Pages 4875 to 4888) • Physics of sound (Pages to 4889 to 4910) • Principles of photographic sound recording (Pages 4911 to 4988) • Projection room layout (Pages 4914 to 4950) • Projector operation (Pages 4951 to 4986 ) • Motion picture projection 4911 to 4988 • Various sound projector systems (Pages -H) • To 204 questions and answers (Pages 4989 to 5002) • Electronic television (Pages 5003 to 5016 H)
650 ## - SUBJECT ADDED ENTRY--TOPICAL TERM
Topical term or geographic name entry element Electical engineering
9 (RLIN) 101091
942 ## - ADDED ENTRY ELEMENTS (KOHA)
Source of classification or shelving scheme
Koha item type Book
Call number prefix 621,GRA
Holdings
Withdrawn status Lost status Source of classification or shelving scheme Damaged status Not for loan Permanent Location Current Location Shelving location Date acquired Full call number Barcode Date last seen Price effective from Koha item type Public note Total Checkouts
          Military College of Signals (MCS) Military College of Signals (MCS) General Stacks 12/12/2016 621,GRA MCS29189 12/08/2016 12/12/2016 Book Almirah No 88, Shelf No 2  
          Military College of Signals (MCS) Military College of Signals (MCS) General Stacks 12/12/2016 621,GRA MCS29190 12/08/2016 12/12/2016 Book Almirah No.27, Shelf No.5  
          Military College of Signals (MCS) Military College of Signals (MCS) General Stacks 12/12/2016 621,GRA MCS29192 12/08/2016 12/12/2016 Book Almirah No 88, Shelf No 2  
          Military College of Signals (MCS) Military College of Signals (MCS) General Stacks 10/21/2022 621,GRA MCS29191 10/21/2022 10/21/2022 Book Almirah No.27, Shelf No.5  
© 2023 Central Library, National University of Sciences and Technology. All Rights Reserved.